Dictionary of American history / (Record no. 587844)

000 -LEADER
fixed length control field 01081cam a22003011 4500
001 - CONTROL NUMBER
control field 8782183
003 - CONTROL NUMBER IDENTIFIER
control field NUST
005 - DATE AND TIME OF LATEST TRANSACTION
control field 20220214153528.0
008 - FIXED-LENGTH DATA ELEMENTS--GENERAL INFORMATION
fixed length control field 830523s1940 nyu d 000 0 eng
010 ## - LIBRARY OF CONGRESS CONTROL NUMBER
LC control number 40005646
038 ## - RECORD CONTENT LICENSOR
Staff Name waseem
040 ## - CATALOGING SOURCE
Original cataloging agency DLC
Language of cataloging eng
Transcribing agency CarP
Modifying agency DLC
043 ## - GEOGRAPHIC AREA CODE
Geographic area code n-us---
050 00 - LIBRARY OF CONGRESS CALL NUMBER
Classification number E174
Item number .A43
082 ## - DEWEY DECIMAL CLASSIFICATION NUMBER
Classification number 973.003
Author Mark DIC
100 1# - MAIN ENTRY--PERSONAL NAME
Personal name Adams, James Truslow,
Dates associated with a name 1878-1949.
9 (RLIN) 89026
245 10 - TITLE STATEMENT
Title Dictionary of American history /
Statement of responsibility, etc. James Truslow Adams, Editor-in-chief; R. V. Coleman, Managing editor ...
260 ## - PUBLICATION, DISTRIBUTION, ETC.
Place of publication, distribution, etc. New York :
Name of publisher, distributor, etc. C. Scribner's sons,
Date of publication, distribution, etc. 1940.
300 ## - PHYSICAL DESCRIPTION
Extent Volume.
Dimensions 26 cm.
500 ## - GENERAL NOTE
General note Supplemented by: "Index" (viii, 258 p. 26 cm.) published: New Yor, C. Scribner's sons, 1940. Call number: E174.A43 Index.
Institution to which field applies DLC
563 ## - BINDING INFORMATION
Binding note HBK.
651 #0 - SUBJECT ADDED ENTRY--GEOGRAPHIC NAME
Geographic name United States
General subdivision History
Form subdivision Dictionaries.
9 (RLIN) 89027
700 1# - ADDED ENTRY--PERSONAL NAME
Personal name Coleman, R. V.
Fuller form of name (Roy V.),
Dates associated with a name 1885-1971,
Relator term joint ed.
9 (RLIN) 89028
906 ## - LOCAL DATA ELEMENT F, LDF (RLIN)
a 7
b cbc
c premunv
d u
e ncip
f 19
g y-gencatlg
942 ## - ADDED ENTRY ELEMENTS (KOHA)
Source of classification or shelving scheme
Koha item type Reference
987 ## - LOCAL ROMANIZATION/CONVERSION HISTORY (OCLC)
Agency that converted, created or reviewed RBSCDRECON
Date of conversion or review 20190509
Status code r
Note DASHED-ON ENTRIES
Holdings
Withdrawn status Lost status Source of classification or shelving scheme Materials specified (bound volume or other part) Damaged status Not for loan Permanent Location Current Location Date acquired Source of acquisition Full call number Barcode Date last seen Price effective from Koha item type Total Checkouts
      Vol. III, 432p.     Central Library (CL) Central Library (CL) 02/14/2022 Donation 973.003 DIC CL-D-1459 02/14/2022 02/14/2022 Reference  
      Vol. I, 444p.     Central Library (CL) Central Library (CL) 02/14/2022 Donation 973.003 DIC CL-D-1458 02/14/2022 02/14/2022 Reference  
© 2023 Central Library, National University of Sciences and Technology. All Rights Reserved.